Wymień nazwę miejsca zakończoną na „-lnia”. - Statystyki

Ogólne statystyki
  • Ten quiz został rozwiązany 15 razy
  • Średni wynik to 2 z 7
Statystyki odpowiedzi
Hint Odpowiedź % Poprawnych
4. Kopalnia
43%
2. Jadalnia
36%
7. Poczekalnia
36%
1. Uczelnia
36%
5. Kręgielnia
29%
6. Sypialnia
29%
3. Czytelnia
14%
Nie znaleziono quizów pasujących do podanych kryteriów
Rozkład punktacji
Procent ludzi z każdym wynikiem
Percentyl według liczby udzielonych odpowiedzi
Twoja historia wyników
Nie rozwiązałeś tego quizu